Ellu thirichukittanam (Record no. 26246)

MARC details
000 -LEADER
fixed length control field 00531nam a2200145Ia 4500
008 - FIXED-LENGTH DATA ELEMENTS--GENERAL INFORMATION
fixed length control field 210327s9999||||xx |||||||||||||| ||und||
040 ## - CATALOGING SOURCE
Transcribing agency STCPL
082 ## - DEWEY DECIMAL CLASSIFICATION NUMBER
Classification number 894.812 7
Item number VAN-E
245 #0 - TITLE STATEMENT
Title Ellu thirichukittanam
Title in other language എല്ലു തിരിച്ചുകിട്ടണം
260 ## - PUBLICATION, DISTRIBUTION, ETC.
Place of publication, distribution, etc. Thrissur
Name of publisher, distributor, etc. Current Books
Date of publication, distribution, etc. 1960
300 ## - PHYSICAL DESCRIPTION
Extent 88
650 ## - SUBJECT ADDED ENTRY--TOPICAL TERM
Topical term or geographic name entry element GeneralPART ONE - THE EARTH WE LIVE ON, PART TWO - THE SEAS AROUND US, PART THREE - PICTURE MAPS OF THE WORLD, INDEX OF PLACE NAMES, GENERAL INDEX
942 ## - ADDED ENTRY ELEMENTS (KOHA)
Koha item type Books
041 ## - LANGUAGE CODE
Language code of original Malayalam
Holdings
Withdrawn status Lost status Damaged status Not for loan Home library Current library Shelving location Date acquired Cost, normal purchase price Total Checkouts Full call number Barcode Date last seen Price effective from Koha item type
        ST. THOMAS COLLEGE LIBRARY, PALAI ST. THOMAS COLLEGE LIBRARY, PALAI   2021-07-10 4.00   894.812 7 VAN-E 38034 2021-07-10 2021-07-10 Books
Rights reserved ©2021 ST. THOMAS COLLEGE LIBRARY
A joint venture of - St. Thomas College Library and
Department of Computer Science, St. Thomas Collge Palai